ბათუმის შოთა რუსთაველის სახელმწიფო უნივერსიტეტის ბიბლიოთეკა

თანამედროვე ქართული პოემა / (ბიბ.ჩანაწერი № 54911)

000 -ლიდერი
ფიქსირებული სიგრძის საკონტროლო ველი 01091nam a2200253Ia 4500
001 - საკონტროლო ნომერი
საკონტროლო ველი 21982
003 - საკონტროლო ნომრის იდენტიფიკატორი
საკონტროლო ველი GE_BSU
005 - ბოლო ოპერაციის თარიღი და დრო
საკონტროლო ველი 20220921125759.0
008 - ფიქსირებული სიგრძის მონაცემთა ელემენტები - ზოგადი ინფორმაცია
ფიქსირებული სიგრძის საკონტროლო ველი 181216s1975||||ge |||||||||||||| ||geo||
040 ## - კატალოგიზაციის წყარო
Transcribing agency GE_BSU
041 ## - ენის კოდი
Language code of text/sound track or separate title geo
080 ## - უნივერსალური ათობითი კლასიფიკაციის ინდექსი
Universal Decimal Classification number 821.353.1.09-11 მ-75
100 ## - მთავარი ჩანაწერი - პიროვნების სახელი
Personal name მიშველაძე, რევაზ
9 (RLIN) 3537
245 ## - ცნობა სათაურის შესახებ
Title თანამედროვე ქართული პოემა /
Statement of responsibility, etc რევაზ მიშველაძე ; რედ. ც. ქაროსანიძე ; მხატვ. ტ. შეყილაძე.
264 ## - წარმოების, გამოცემის, დისტრიბუციის და სხვა ცნობები
გამოცემის, წარმოების, დისტრიბუციის... ადგილი თბილისი :
გამოცემის, წარმოების, დისტრიბუციის... სახელწოდება მერანი,
გამოცემის, წარმოების, დისტრიბუციის... თარიღი 1975.
300 ## - ფიზიკური აღწერა
Extent 291გვ. ;
Dimensions 20 სმ.
653 ## - INDEX TERM--UNCONTROLLED
Uncontrolled term თანამედროვე ქართული პოემა
653 ## - INDEX TERM--UNCONTROLLED
Uncontrolled term ქართული ლიტერატურა
653 ## - INDEX TERM--UNCONTROLLED
Uncontrolled term ქართული პოემა
700 ## - ADDED ENTRY--PERSONAL NAME
Personal name ქაროსანიძე, ც.
Relator term რედაქტორი
9 (RLIN) 3742
700 ## - ADDED ENTRY--PERSONAL NAME
Personal name შეყილაძე, ტ.
Relator term მხატვარი
9 (RLIN) 5892
942 ## - ADDED ENTRY ELEMENTS (KOHA)
Koha item type წიგნი
Source of classification or shelving scheme
ეგზემპლარები
ჩამოწერის სტატუსი დაკარგული ეგზემპლარის სტატუსი კლასიფიკაციის წყარო ან თაროზე გაწყობის სქემა დაზიანების სტატუსი არ გაიცემა მუდმივი მდებარეობა (დაცვის ადგილი) ამჟამინდელი ადგილსამყოფელი თაროზე განთავსების ადგილი შეძენის თარიღი ღირებულება, შესყიდვის ნორმალური ფასი სრული შენახვის შიფრი შტრიხკოდი ბოლო ოპერაციის თარიღი ეგზემპლარის მიმდევრობითი ნომერი (კეტერი?) ფასის ძალაში შესვლის თარიღი ეგზემპლარის სახეობა საჯარო შენიშვნა
          ბათუმის შოთა რუსთაველის სახელმწიფო უნივერსიტეტის მთავარი ბიბლიოთეკა ბათუმის შოთა რუსთაველის სახელმწიფო უნივერსიტეტის მთავარი ბიბლიოთეკა წიგნსაცავი 2018-12-17 8.00 821.353.1.09-11 მ-75 56720 2018-12-17 56720 2018-12-17 წიგნი 8.00 ₾.